000 00652nam a2200229Ii 4500
003 JO-AjNU
008 230605s9999||||xx |||||||||||||| ||und||
017 _a2002/11813
020 _a977-01-7921-3
040 _aJO-AjNU
_bara
_erda
_cJO-AjNU
041 _aara
050 1 4 _aQ175 .Q2578 2003
100 3 _aقنصوة، صلاح,
_eauthor
_913776
245 0 0 _aفلسفة العلم
250 _aد.ط
264 3 1 _aالقاهرة: مكتبة الاسرة، 2003
300 _a215ص
336 _atext
_btxt
_2rdacontent
337 _aunmediated
_bn
_2rdamedia
338 _avolume
_bnc
_2rdacarrier
650 4 _aالعلوم - فلسفة
_913777
999 _aA3517
_c7085
_d7085